000 00305nam a2200109 4500
999 _c13715
_d13715
008 190402b ||||| |||| 00| 0 eng d
245 _aUniversal health bill care certified as urgent.
260 _aDavao City:
_bSun Star Davao;
_cc2018.
300 _apage 4.
650 0 _938130
_aHealth.
942 _2ddc
_cPER